| 000 | 01189nam0a22002891 4500 | ||
|---|---|---|---|
| 001 | rc\4650826 | ||
| 005 | 20130416202243.6 | ||
| 021 |
_aRU _b[60-53104] |
||
| 035 | _a(NLR Aleph) 008216526 | ||
| 090 |
_a8129293 _c8129293 |
||
| 100 | _a20130416d1960 |||y0rusy50 ca | ||
| 101 | 0 | _arus | |
| 102 | _aRU | ||
| 105 | _aa z ||||| | ||
| 200 | 1 |
_aРисоводческий колхоз имени Сталина _e(Хорезмская обл. Гурлекский район) _f[Выставка достижений нар. хозяйства СССР.] Упр. с.-х. пропаганды М-ва сел. хозяйства УзССР |
|
| 210 |
_aТашкент _cГосиздат УзССР _d1960 |
||
| 215 |
_a24 с. _cил. _d17 |
||
| 300 | _aНа обл. авт. не указаны | ||
| 606 |
_aКолхозы _yХорезмская область _2psbo |
||
| 606 |
_aРис _xВозделывание _yХорезмская область _2psbo |
||
| 700 | 1 |
_aСолянко _bГ. И. _gГригорий Иванович |
|
| 701 | 1 |
_aКоршенбой _bП. Г. |
|
| 801 | 0 |
_aRU _bNLR _gpsbo |
|
| 801 | 1 |
_aRU _bELAR _2rusmarc |
|
| 852 |
_aNLR _j60-2/1753 |
||
| 942 | _cBOOK | ||
| 980 | _aNB | ||